Tout les Premiers Ministres belges - Statistiques

Statistiques générales
  • Ce quiz a été pris 51 fois
    47 depuis la dernière actualisation
  • Le résultat moyen est 19 sur 74
Statistiques - réponses
Années Nom Parti % Correct
2014-2019 Charles Michel MR
75%
2011-2014 Elio Di Rupo PS
75%
1999-2008 Guy Verhofstadt VLD
75%
2020-2025 Alexander De Croo Open VLD
69%
2025-... Bart de Wever N-VA
69%
1938-1939 Paul-Henri Spaak POB-BWP
69%
1946-1946 Paul-Henri Spaak PSB-BSP
69%
1947-1949 Paul-Henri Spaak PSB-BSP
69%
2019-2020 Sophie Wilmès MR
69%
2008-2008 Yves Leterme CD&V
69%
2009-2011 Yves Leterme CD&V
69%
2008-2009 Herman Van Rompuy CD&V
63%
1979-1981 Wilfried Martens CVP
63%
1981-1992 Wilfried Martens CVP
63%
1992-1999 Jean-Luc Dehaene CVP
50%
1939-1945 Hubert Pierlot Catholique
44%
1925-1926 Prosper Poullet Catholique
38%
1945-1946 Achille van Acker PSB-BSP
31%
1946-1946 Achille van Acker PSB-BSP
31%
1954-1958 Achille van Acker PSB-BSP
31%
1847-1852 Charles Rogier Libéral
31%
1857-1868 Charles Rogier Libéral
31%
1973-1974 Edmond Leburton PSB-BSP
31%
1949-1950 Gaston Eyskens PSC-CVP
31%
1958-1961 Gaston Eyskens PSC-CVP
31%
1968-1973 Gaston Eyskens PSC-CVP
31%
1981-1981 Mark Eyskens CVP
31%
1978-1979 Paul Vanden Boeynants PSC
31%
1935-1937 Paul Van Zeeland Catholique
31%
1925-1925 Aloys Van de Vyvere Catholique
25%
1921-1925 Georges Theunis Catholique
25%
1934-1935 Georges Theunis Catholique
25%
1918-1920 Léon Delacroix Catholique
25%
1852-1855 Henri de Brouckère Libéral
19%
1841-1845 Jean-Baptiste Nothomb Catholique
19%
1950-1950 Jean Duvieusart PSC-CVP
19%
1874-1878 Jules Malou Catholique
19%
1884-1884 Jules Malou Catholique
19%
1974-1978 Leo Tindemans CVP
19%
1830-1830 Louis de Potter Libéral-Social
19%
1937-1938 Paul-Emile Janson Libéral
19%
1868-1870 Walthère Frère-Orban Libéral
19%
1878-1884 Walthère Frère-Orban Libéral
19%
1834-1840 Barthélemy de Theux de Meylandt Catholique
13%
1846-1847 Barthélemy de Theux de Meylandt Catholique
13%
1871-1874 Barthélemy de Theux de Meylandt Catholique
13%
1946-1947 Camille Huysmans PSB-BSP
13%
1911-1918 Charles de Broqueville Catholique
13%
1932-1934 Charles de Broqueville Catholique
13%
1831-1832 Félix de Mûelenaere Catholique
13%
1920-1921 Henry Carton de Wiart Catholique
13%
1831-1831 Joseph Lebeau Libéral
13%
1840-1841 Joseph Lebeau Libéral
13%
1950-1952 Joseph Pholien PSC-CVP
13%
1907-1907 Jules de Trooz Catholique
13%
1884-1894 Auguste Beernaert Catholique
6%
1926-1931 Henri Jaspar Catholique
6%
1931-1932 Jules Renkin Catholique
6%
1965-1966 Pierre Harmel PSC-CVP
6%
1832-1834 Albert Goblet d'Alviella Libéral
0%
1831-1831 Etienne de Gerlache Catholique
0%
1908-1911 François Schollaert Catholique
0%
1918-1918 Gérard Cooreman Catholique
0%
1952-1954 Jean Van Houtte PSC-CVP
0%
1870-1871 Jules d'Anethan Catholique
0%
1894-1896 Jules de Burlet Catholique
0%
1899-1899 Jules Vandenpeereboom Catholique
0%
1891899 Paul de Smet de Naeyer Catholique
0%
1899-1907 Paul de Smet de Naeyer Catholique
0%
1966-1968 Paul Vande Boeynants PSC-CVP
0%
1855-1857 Pierre De Decker Catholique
0%
1830-1831 Sylvain Van de Weyer Libéral-Social
0%
1845-1846 Sylvain Van de Weyer Libéral
0%
1961-1965 Théo Lefèvre PSC-CVP
0%
Aucun quiz correspondant
Distribution des résultats
% des personnes avec chaque résultat
Percentile par nombre de réponses
Votre historique - résultats
Vous n’avez pas pris ce quiz depuis la dernière actualisation